Sports Quiz

Random Sports or Soccer Quiz
Score 0/18 Timer 02:30
0 Plays Today
Goals/Games in UCL (11/12-18/19) Name % Correct
98/92Cristiano Ronaldo
100%
75/78Lionel Messi
100%
41/80Karim Benzema
100%
53/80Robert Lewandowski
100%
32/54Sergio Agüero
100%
36/84Thomas Müller
100%
32/53Neymar
98.8%
34/59Edinson Cavani
97.6%
18/40Mohamed Salah
97.6%
Goals/Games in UCL (11/12-18/19) Name % Correct
21/48Antoine Griezmann
97.6%
20/48Luis Suárez
97.6%
25/42Zlatan Ibrahimovic
96.4%
18/49Edin Dzeko
95.2%
21/60Mario Mandzukic
91.6%
21/58Arjen Robben
91.6%
17/36Marco Reus
90.4%
18/48Gonzalo Higuaín
89.2%
17/32Luiz Adriano
51.8%

You're not logged in!

Compare scores with friends on all Sporcle quizzes.
OR
Log In

Sporcle TV

Today on Sporcle TV


Watch our educational content, quiz creation guides, and fun videos on Sporcle TV.

Show Comments

Extras

Top Quizzes Today


Score Distribution

Paid Content

Your Account Isn't Verified!

In order to create a playlist on Sporcle, you need to verify the email address you used during registration. Go to your Sporcle Settings to finish the process.

Report this User

Report this user for behavior that violates our Community Guidelines.

Details: